000 00273nam a22001217a 4500
082 _a823
_bHAG/K
100 _aHAGGARD, H RIDER
245 _aKING SOLOMON'S MINES
260 _aCALICUT
_bUNIVERSITY PRESS
_c1976
300 _a83
650 _aENGLISH STORY
_zINDIA
942 _cBK
999 _c7269
_d7269